| 000 | 00387cam a2200157ua 4500 | ||
|---|---|---|---|
| 041 |
_aeng _h |
||
| 082 |
_a828.09 _bTRI/GA |
||
| 100 | _aTrilling, Lionel . | ||
| 245 |
_aGathering of Fugitives / _cLionel Trilling. _hTextual Documents |
||
| 260 |
_aLondon : _bSecker & Warburg , _c1957. |
||
| 300 | _a167 ; . | ||
| 504 | _a | ||
| 942 | _cBK | ||
| 999 |
_c874 _d874 |
||